| 000 | 00668nam a22002057a 4500 | ||
|---|---|---|---|
| 999 |
_c2306 _d2306 |
||
| 005 | 20230411113443.0 | ||
| 008 | 230411b ||||| |||| 00| 0 eng d | ||
| 020 | _a9781846462931 | ||
| 040 | _cKH8 | ||
| 082 | _a823.914 HAR | ||
| 100 |
_aHargreaves, Roger _d1935-1988. _eAuthor |
||
| 245 |
_aMr. Strong _cRoger Hargreaves |
||
| 260 |
_a [Camberwell, Vic.], _bPenguin Random House, _c 2019 |
||
| 300 |
_a1 volume (unpaged) : _bcolor illustrations ; _c 13 x 14 cm |
||
| 440 | _aMr Men | ||
| 650 | _aJuvenile works | ||
| 650 | _aMr. Men (Fictitious characters) | ||
| 650 |
_aMr. Men (Fictitious characters) _vPictorial works _xJuvenile literature |
||
| 942 |
_2ddc _cBK |
||